• 首页
  • 本馆介绍
  • 公告通知
  • 最新文献
  • 馆藏检索
  • 电子资源
  • 读者导购
  • 参考咨询
  • 我的图书馆
  • 登录
  • 详细信息显示
  • 放入我的书架
  • 预约/预借图书
  • 作者相关作品
  • 分类相关作品
  • 丛书相关作品
  • 出版社相关作品

书目信息

  • 表格格式
  • 工作单格式
  • 卡片格式
题名:
企业级Java Web编程技术
    
 
作者: 张屹 , 吴向荣 主编 ;新世纪应用型高等教育教材编审委员会 组编
分册:  
出版信息: 大连   大连理工大学出版社  2017
页数: 286页
开本: 26cm
丛书名: 新世纪应用型高等教育软件专业系列规划教材
单 册:
中图分类: TP312JA-43
科图分类:
主题词: JAVA语言--JAVA yu yan--程序设计--高等学校--教材
电子资源:
ISBN: 978-7-5685-0774-5
000 01700nam 2200349 450
001 012001002302
005 20191121143414.95
010    @a978-7-5685-0774-5@dCNY45.00
099    @aCAL 012017153874
100    @a20171023d2017 em y0chiy50 ea
101 0  @achi
102    @aCN@b210000
105    @aak a 000yy
106    @ar
200 1  @a企业级Java Web编程技术@Aqi ye ji Java Web bian cheng ji shu@eServlet & JSP@f新世纪应用型高等教育教材编审委员会组编@g主编张屹, 吴向荣
205    @a第2版
210    @a大连@c大连理工大学出版社@d2017
215    @a286页@c图@d26cm
225 2  @a新世纪应用型高等教育软件专业系列规划教材@Axin shi ji ying yong xing gao deng jiao yu ruan jian zhuan ye xi lie gui hua jiao cai
300    @a广东省本科高校教学质量与教学改革工程精品资源共享课
320    @a有书目
330    @a本书主要介绍Java EE平台的基础知识、Servlet (包括Servlet概述、使用Servlet、会话管理、侦听器以及应用程序数据处理) 和JSP (包括JSP技术、JSP生命周期、JSP标签、JSP标准操作以及其他Java Web开发的实际案例等知识) 及MVC架构等内容。
333    @a本书适合具有一定Java语言编程基础的读者学习、阅读,可作为软件工程、计算机科学与技术、网络工程及相近专业的教材,也可以供Java Web编程科研人员作为参考书。
410  0 @12001 @a新世纪应用型高等教育软件专业系列规划教材
517 1  @aServlet & JSP@AServlet & Jsp
606 0  @aJAVA语言@AJAVA yu yan@x程序设计@x高等学校@j教材
690    @aTP312JA-43@v5
701  0 @a张屹@Azhang yi@4主编
701  0 @a吴向荣@Awu xiang rong@4主编
712 02 @a新世纪应用型高等教育教材编审委员会@Axin shi ji ying yong xing gao deng jiao yu jiao cai bian shen wei yuan hui@4组编
801  0 @aCN@b北京卓展@c20191020
905    @b1205189-92@dTP312JA-43@e1508=2@f4
    
    企业级Java Web编程技术:Servlet & JSP/新世纪应用型高等教育教材编审委员会组编/主编张屹, 吴向荣.-第2版.-大连:大连理工大学出版社,2017
    286页:图;26cm.-(新世纪应用型高等教育软件专业系列规划教材)
    广东省本科高校教学质量与教学改革工程精品资源共享课.-使用对象:本书适合具有一定Java语言编程基础的读者学习、阅读,可作为软件工程、计算机科学与技术、网络工程及相近专业的教材,也可以供Java Web编程科研人员作为参考书。
    
    ISBN 978-7-5685-0774-5:CNY45.00
    本书主要介绍Java EE平台的基础知识、Servlet (包括Servlet概述、使用Servlet、会话管理、侦听器以及应用程序数据处理) 和JSP (包括JSP技术、JSP生命周期、JSP标签、JSP标准操作以及其他Java Web开发的实际案例等知识) 及MVC架构等内容。
●
相关链接 在E读中查询图书 在五车中查询图书 在当当中查询图书 在豆瓣中查询图书


正题名:企业级Java Web编程技术     索取号:TP312JA-43/1508=2         预约/预借

序号 登录号 条形码 馆藏地/架位号 状态 备注
1 1205189   212051893   第二样本阅览室/ [索取号:TP312JA-43/1508=2] 在馆    
2 1205190   212051900   第三借阅区/ [索取号:TP312JA-43/1508=2] 在馆    
唐山师范学院图书馆 欢迎您!
大连网信软件有限公司© 版权所有